Joannis Ludovici Vivis Valentini Opera Omnia / (Record no. 167725)
[ view plain ]
| 000 -LEADER | |
|---|---|
| campo de control de longitud fija | 01298nam a22002775i 4500 |
| 001 - NÚMERO DE CONTROL | |
| campo de control | 167725 |
| 003 - IDENTIFICADOR DE NÚMERO DE CONTROL | |
| campo de control | ES-MaACL |
| 005 - FECHA Y HORA DE LA ÚLTIMA TRANSACCIÓN | |
| campo de control | 20250823063125.0 |
| 008 - DATOS DE LONGITUD FIJA--INFORMACIÓN GENERAL | |
| campo de control de longitud fija | 940620m17821790sp a |||| | spa d |
| 100 1# - ENTRADA PRINCIPAL--NOMBRE DE PERSONA | |
| Nombre de persona | Vives, Juan Luis, |
| Fechas asociadas al nombre | 1492-1540 |
| 9 (RLIN) | 115574 |
| 245 10 - MENCIÓN DEL TÍTULO | |
| Título | Joannis Ludovici Vivis Valentini Opera Omnia / |
| Mención de responsabilidad, etc. | distributa et ordinata in argumentorum classes praecipuas a Gregorio Majansio... ; item vita Vivis scripta ab eodem Majansio ; liberaliter editionis impensas sufficiente Excellentissimo Domino D. D. Francisco Fabián et Fuero, Archiepiscopo Valentino... |
| 260 ## - PUBLICACIÓN, DISTRIBUCIÓN, ETC. | |
| Lugar de publicación, distribución, etc. | Valentiae Edetanorum : |
| Nombre del editor, distribuidor, etc. | In Officina Benedicti Monfort, |
| Fecha de publicación, distribución, etc. | 1782-1790. |
| 300 ## - DESCRIPCIÓN FÍSICA | |
| Extensión | 7 v. ; |
| Dimensiones | Fol. |
| 505 8# - NOTA DE CONTENIDO CON FORMATO | |
| Nota de contenido con formato | Contiene: V. 2-8 |
| 530 ## - NOTA DISPONIBLE DE FORMULARIO FÍSICO ADICIONAL | |
| Nota de formato físico adicional disponible | Disponible en formato digital. |
| 597 ## - NOTA DE DESCRIPCIÓN FÍSICA | |
| NOTA DE DESCRIPCIÓN FÍSICA | Antep. |
| 597 ## - NOTA DE DESCRIPCIÓN FÍSICA | |
| NOTA DE DESCRIPCIÓN FÍSICA | Port. con grab. calc. |
| 599 ## - NOTA A LAS ILUSTRACIONES | |
| NOTA A LAS ILUSTRACIONES | Cabeceras calcográficas al comienzo de cada tomo |
| 650 #7 - PUNTO DE ACCESO ADICIONAL DE MATERIA--TÉRMINO DE MATERIA | |
| Término de materia o nombre geográfico como elemento de entrada | Filosofía renacentista |
| Fuente del encabezamiento o término | embne |
| 9 (RLIN) | 147263 |
| 700 1# - ENTRADA AGREGADA--NOMBRE PERSONAL | |
| Nombre de persona | Mayáns y Siscar, Gregorio. |
| 9 (RLIN) | 79333 |
| 700 1# - ENTRADA AGREGADA--NOMBRE PERSONAL | |
| Nombre de persona | Fabián y Fuero, Francisco. |
| 9 (RLIN) | 127000 |
| 700 1# - ENTRADA AGREGADA--NOMBRE PERSONAL | |
| Nombre de persona | Monfort, Benito, |
| Fechas asociadas al nombre | 1715-1785, |
| Títulos y otros términos asociados al nombre | imp. |
| 9 (RLIN) | 162728 |
| 852 4# - LOCALIZACIÓN | |
| Ubicación | ES-MaACL |
| Número de control de estantería | R-1096-1102 |
| Nota libre | - Enc. pasta |
| 856 4# - LOCALIZACIÓN Y ACCESO ELECTRÓNICOS | |
| Identificador Uniforme de Recursos | <a href="http://bdh-rd.bne.es/viewer.vm?id=0000013556&page=1 ">http://bdh-rd.bne.es/viewer.vm?id=0000013556&page=1 </a> |
| Nota pública | Biblioteca Digital Hispánica |
| -- | (V. 1-7) |
| Estatus retirado | Estado de pérdida | Estado de daño | No para préstamo | Colección | Biblioteca de origen | Biblioteca actual | Ubicación en estantería | Fecha de adquisición | Total de préstamos | Signatura topográfica completa | Código de barras | Visto por última vez | Precio de reemplazo | Tipo de ítem Koha |
|---|---|---|---|---|---|---|---|---|---|---|---|---|---|---|
| Colección digital | Biblioteca del Ateneo de Madrid | Biblioteca del Ateneo de Madrid | Depósito | 17/01/2008 | R-1096-1102 | 1175960 | 23/02/2023 | 23/02/2023 | Libro impreso antiguo |
